Music Quiz

Random Music or Missing Word Quiz

The Last Word: US Bands II Quiz Stats

Quiz Updated Jul 23, 2016

Challenge
Share
Tweet
Embed
Score 0/36 Timer 05:00
5 Plays Today
Hint Answer % Correct
Bon JoviPrayer
96.5%
NirvanaSpirit
96.4%
Lynyrd SkynyrdAlabama
95.7%
AerosmithWay
95.4%
NirvanaAre
93.5%
Destiny's ChildBills
91.6%
Bon JoviLife
91.3%
Destiny's ChildName
90.8%
Beastie BoysRight
90.2%
Green DayIdiot
87.2%
Green DayCase
87.1%
Foo FightersThese
86.2%
The White StripesArmy
84.9%
Lynyrd SkynyrdBird
84.5%
The Jackson 5There
84.5%
OutKastYa
82.7%
The Jackson 5Back
80.5%
Foo FightersFly
78.5%
Hint Answer % Correct
Bon JoviRoses
74.6%
HeartYou
73.5%
NirvanaBox
73.1%
Beastie BoysNoise
68.9%
AerosmithElevator
67%
OutKastParks
63.4%
Beastie BoysBrooklyn
62%
OutKastJackson
61.2%
The Jackson 5Goodbye
59.2%
The White StripesGirl
56.7%
Foo FightersWrench
51.9%
HeartMan
49.1%
HeartDreams
43.2%
The White StripesThump
41.9%
AerosmithSaddle
41.6%
Green DayEnemy
33.9%
Lynyrd SkynyrdSpecial
27.4%
Destiny's ChildBreath
15.2%

You're not logged in!

Compare scores with friends on all Sporcle quizzes.
Sign Up with Email
OR
Log In

You Might Also Like...

Show Comments

Extras

Top Quizzes Today


Score Distribution

Your Account Isn't Verified!

In order to create a playlist on Sporcle, you need to verify the email address you used during registration. Go to your Sporcle Settings to finish the process.